| 000 | 00831nam a22001815i 4500 | ||
|---|---|---|---|
| 001 | 154560 | ||
| 003 | ES-MaACL | ||
| 005 | 20230906205758.0 | ||
| 008 | 011108s1855 sp |||| | spa d | ||
| 080 | _a553.7(460.27 Loeches) | ||
| 100 | 1 |
_aGonzález de Jonte, Manuel. _9127439 |
|
| 245 | 1 | 0 |
_aMemoria acerca de los resultados obtenidos durante la temporada de 1854 con el uso de las aguas minero-medicinales sulfo-salino-alcalinas, tituladas de la Margarita, en Loeches... / _cpor Manuel González de Jonte. |
| 260 |
_aMadrid : _bImp. y Librería de V. Matute, _c1855. |
||
| 300 |
_a41 p. ; _c21 cm. |
||
| 650 | 4 |
_aAguas minerales- _zMadrid (Comunidad Autónoma) _9159811 |
|
| 650 |
_aBalnearios- _zMadrid. _9175840 |
||
| 852 | 4 |
_aES-MaACL _jT-31-F-5 _z- Enc. hol., falto de cub. original _z- Dedicatoria autógrafa del autor |
|
| 999 |
_c154560 _d154560 |
||